000 00736nam a22001577a 4500
005 20251108170909.0
008 250721s9999 xx 000 0 ara d
082 1 4 _a796.33/قان
245 1 0 _aالقانون الدولي لكرة القدم :
_bتعليمات وزارة الشباب للأندية : سجل الشرف لقدامى اللاعبين : لائحة الداخلية لإتحاد كرة القدم : تعليمات البطولات الموسم 1981 : جداول البطولات لموسم 1981 /
264 1 _aعمان :
_bالإتحاد الأردني لكرة القدم،
_c[19-].
300 _a190ص
650 1 7 _aكرة القدم
650 1 7 _aالقانون الدولي
942 _2ddc
_cBK
999 _c51574
_d51574